| 000 | 00000nam##2200000za#4500 |
| 001 | 9.566262 |
| 003 | CaOODSP |
| 005 | 20210624180214 |
| 007 | cr ||||||||||| |
| 008 | 150406|2003||||xxc|||||o f|0| 0 eng|d |
| 040 | |aCaOODSP|beng |
| 043 | |an-cn--- |
| 086 | 1 |aTU3-5/03-27E-PDF |
| 110 | 2 |aTransportation Safety Board of Canada. |
| 245 | 10|aCollision with terrain - Pacific Professional Visual Flight Training Ltd. Cessna 172M C-GDPD approximately 24 nm NNW of Harrison Hot Springs, British Columbia, 18 July 2003 |h[electronic resource] |
| 260 | |aGatineau - Quebec : |bTransportation Safety Board of Canada |c[2004]. |
| 300 | |a7p.|bphotographs |
| 490 | 1 |aAviation investigation report |vA03P0199 |
| 590 | |a10-01-Supp|b2010-04-07 |
| 690 | 07|aAircraft accidents|2gcpds |
| 775 | 08|tCollision avec le relief du Cessna 172M C-GDPD exploité par Pacific Professional Visual Flight Training Ltd. à environ 24 nm au nord-nord-ouest de Harrison Hot Springs (Colombie-Britannique) le 18 juillet 2003 |w(CaOODSP)9.597729 |
| 830 | #0|aAviation investigation report ;|vA03P0199|w(CaOODSP)9.504825 |
| 856 | 40|ahttp://publications.gc.ca|qPDF|s340 KB|uhttps://publications.gc.ca/collections/collection_2009/bst-tsb/TU3-5-03-27E.pdf|yA03P0199 |